| 000 -LEADER | |
|---|---|
| fixed length control field | 00423nam a22001697a 4500 |
| 005 - DATE AND TIME OF LATEST TRANSACTION | |
| control field | 20210901145700.0 |
| 008 - FIXED-LENGTH DATA ELEMENTS--GENERAL INFORMATION | |
| fixed length control field | 160521b xxu||||| |||| 00| 0 eng d |
| 020 ## - INTERNATIONAL STANDARD BOOK NUMBER | |
| ISBN | 81-219-0298-3 |
| 041 ## - LANGUAGE CODE | |
| Language code of text/sound track or separate title | eng |
| 082 ## - DEWEY DECIMAL CLASSIFICATION NUMBER | |
| Item number | 3986 |
| Classification number | 330.954 |
| 100 ## - MAIN ENTRY--AUTHOR NAME | |
| Personal name | Datt,Ruddar and Sundharam, K.P.M. |
| 245 ## - TITLE STATEMENT | |
| Title | Indian Economy |
| 260 ## - PUBLICATION, DISTRIBUTION, ETC. (IMPRINT) | |
| Place of publication | New Delhi |
| Name of publisher | Sultan Chand & Sons, |
| 300 ## - PHYSICAL DESCRIPTION | |
| Number of Pages | 962 |
| 650 ## - SUBJECT ADDED ENTRY--TOPICAL TERM | |
| Topical Term | Management |
| 942 ## - ADDED ENTRY ELEMENTS (KOHA) | |
| Koha item type | Books |
| Lost status | Damaged status | Collection code | Home library | Current library | Shelving location | Date acquired | Source of acquisition | Cost, normal purchase price | Full call number | Accession Number | Koha item type |
|---|---|---|---|---|---|---|---|---|---|---|---|
| MANAGEMENT | JRU Library | JRU Library | SHELF-58-D | 21/05/2016 | PURCHASE | 425.00 | 330.954 | 3986 | Books | ||
| LAW | JRU Library | JRU Library | SHELF-32-D | 21/05/2016 | 425.00 | 330.954 | 3987 | Books | |||
| LAW | JRU Library | JRU Library | SHELF-32-D | 21/05/2016 | 425.00 | 330.954 | 3988 | Books | |||
| LAW | JRU Library | JRU Library | SHELF-32-D | 21/05/2016 | 425.00 | 330.954 | 3989 | Books | |||
| LAW | JRU Library | JRU Library | SHELF-32-D | 21/05/2016 | 425.00 | 330.954 | 3990 | Books |